ბათუმის შოთა რუსთაველის სახელმწიფო უნივერსიტეტის ბიბლიოთეკა

ჯავახეთი : (ბიბ.ჩანაწერი № 52508)

000 -ლიდერი
ფიქსირებული სიგრძის საკონტროლო ველი 01874nam a2200265Ia 4500
001 - საკონტროლო ნომერი
საკონტროლო ველი 19531
003 - საკონტროლო ნომრის იდენტიფიკატორი
საკონტროლო ველი GE_BSU
005 - ბოლო ოპერაციის თარიღი და დრო
საკონტროლო ველი 20200224113320.0
008 - ფიქსირებული სიგრძის მონაცემთა ელემენტები - ზოგადი ინფორმაცია
ფიქსირებული სიგრძის საკონტროლო ველი 181216s 1992ge |||||||||||||| ||geo||
040 ## - კატალოგიზაციის წყარო
Transcribing agency GE_BSU
041 ## - ენის კოდი
Language code of text/sound track or separate title geo
080 ## - უნივერსალური ათობითი კლასიფიკაციის ინდექსი
Universal Decimal Classification number 910.14(479.22) + 811.353.1 ბ-53
100 ## - მთავარი ჩანაწერი - პიროვნების სახელი
Personal name ბერიძე, მერაბ
9 (RLIN) 4745
245 ## - ცნობა სათაურის შესახებ
Title ჯავახეთი :
Remainder of title (ტოპონიმური ანალიზი) /
Statement of responsibility, etc მერაბ ბერიძე ; რედ. შ. ძიძიგური, ელ. ბაბუნაშვილი.
264 ## - წარმოების, გამოცემის, დისტრიბუციის და სხვა ცნობები
გამოცემის, წარმოების, დისტრიბუციის... ადგილი თბილისი :
გამოცემის, წარმოების, დისტრიბუციის... სახელწოდება თბილ. უნ-ტის გამ-ბა,
გამოცემის, წარმოების, დისტრიბუციის... თარიღი 1992.
300 ## - ფიზიკური აღწერა
Extent 124 გვ. ;
Dimensions 20სმ.
504 ## - BIBLIOGRAPHY, ETC. NOTE
Bibliography, etc ბიბლიოგრ. : გვ. 120
520 ## - SUMMARY, ETC.
Summary, etc რეზიუმე : ნაშრომში განხილულია ჯავახეთის ტოპონომიკა, რომელიც დამყარებულია გეოგრაფიულ სახელთა თუ ცალკეულ მაწარმოებელთა ლოკალიზაციასა და ისტორიაზე
653 ## - INDEX TERM--UNCONTROLLED
Uncontrolled term რეზიუმე: ნაშრომში განხილულია ჯავახეთის ტოპონომიკა, რომელიც დამყარებულია გეოგრაფიულ სახელთა თუ ცალკეულ მაწარმოებელთა ლოკალიზაციასა და ისტორიაზე
653 ## - INDEX TERM--UNCONTROLLED
Uncontrolled term საქართველოს ტოპონიმიკა
700 ## - ADDED ENTRY--PERSONAL NAME
Personal name ძიძიგური, შ.
Relator term რედაქტორი
9 (RLIN) 2258
700 ## - ADDED ENTRY--PERSONAL NAME
Personal name ბაბუნაშვილი, ელ.
Relator term რედაქტორი
9 (RLIN) 7369
942 ## - ADDED ENTRY ELEMENTS (KOHA)
Koha item type წიგნი
Source of classification or shelving scheme
ეგზემპლარები
ჩამოწერის სტატუსი დაკარგული ეგზემპლარის სტატუსი კლასიფიკაციის წყარო ან თაროზე გაწყობის სქემა დაზიანების სტატუსი არ გაიცემა მუდმივი მდებარეობა (დაცვის ადგილი) ამჟამინდელი ადგილსამყოფელი თაროზე განთავსების ადგილი შეძენის თარიღი ღირებულება, შესყიდვის ნორმალური ფასი სრული შენახვის შიფრი შტრიხკოდი ბოლო ოპერაციის თარიღი ეგზემპლარის მიმდევრობითი ნომერი (კეტერი?) ფასის ძალაში შესვლის თარიღი ეგზემპლარის სახეობა საჯარო შენიშვნა
          ბათუმის შოთა რუსთაველის სახელმწიფო უნივერსიტეტის მთავარი ბიბლიოთეკა ბათუმის შოთა რუსთაველის სახელმწიფო უნივერსიტეტის მთავარი ბიბლიოთეკა წიგნსაცავი 2018-12-17 0.50 910.14(479.22) + 811.353.1 ბ-53 51593 2018-12-17 51593 2018-12-17 წიგნი 0.50 ლ.